Sports Quiz

Random Sports or Auto Racing Quiz

Can you name the 20 wins of Kimi Raikkonen? Quiz Stats

Quiz not verified by Sporcle

Challenge
Share
Tweet
Embed
Score 0/20 Timer 10:00
0 Plays Today
Hint Answer % Correct
1st winMalaysia 2003
92.4%
20th winAustralia 2013
91.3%
8th winJapan 2005
90.2%
18th winBelgium 2009
90.2%
14th winBrazil 2007
89.1%
19th winAbu Dhabi 2012
89.1%
2nd winBelgium 2004
88%
10th winAustralia 2007
88%
7th winBelgium 2005
87%
13th winChina 2007
85.9%
Hint Answer % Correct
15th winBelgium 2007
85.9%
4th winMonaco 2005
79.3%
5th winCanada 2005
75%
11th winFrance 2007
75%
3rd winSpain 2005
72.8%
16th winMalaysia 2008
72.8%
17th winSpain 2008
72.8%
6th winHungary 2005
69.6%
9th winTurkey 2005
57.6%
12th winGreat Britain 2007
48.9%

You're not logged in!

Compare scores with friends on all Sporcle quizzes.
Join for Free
OR
Log In

You Might Also Like...

Show Comments

Extras

Top Quizzes Today


Score Distribution

Your Account Isn't Verified!

In order to create a playlist on Sporcle, you need to verify the email address you used during registration. Go to your Sporcle Settings to finish the process.

Report this User

Report this user for behavior that violates our Community Guidelines.

Details: